Recruitment Techniques applied by Brilliant Skin Essential in Morong, Rizal (Record no. 67912)

MARC details
000 -LEADER
fixed length control field 00901nam a22002297a 4500
003 - CONTROL NUMBER IDENTIFIER
control field URS
005 - DATE AND TIME OF LATEST TRANSACTION
control field 20230125132450.0
008 - FIXED-LENGTH DATA ELEMENTS--GENERAL INFORMATION
fixed length control field 230125b |||||||| |||| 00| 0 eng d
100 ## - MAIN ENTRY--PERSONAL NAME
9 (RLIN) 3500
Personal name Mojica, Clarisse H.
Relator term Author
245 ## - TITLE STATEMENT
Title <a href="Recruitment Techniques applied by Brilliant Skin Essential in Morong, Rizal">Recruitment Techniques applied by Brilliant Skin Essential in Morong, Rizal</a>
Statement of responsibility, etc Clarisse H. Mojicxa,Dennilyn C. Nicdao,Alliah May S. Zapanta
260 ## - PUBLICATION, DISTRIBUTION, ETC. (IMPRINT)
Date of publication, distribution, etc 2022
300 ## - PHYSICAL DESCRIPTION
Extent x,57 leaves
Dimensions 28 cm
336 ## - CONTENT TYPE
Source rdacontent
Content type term text
337 ## - MEDIA TYPE
Source rdamedia
Media type term unmediated
338 ## - CARRIER TYPE
Source rdacarrier
Carrier type term volume
502 ## - DISSERTATION NOTE
Dissertation note Thesis
Degree type Bachelor of Science in Business Administration Major in Human <br/>Resource Management
Name of granting institution University of Rizal System
Year degree granted 2022
504 ## - BIBLIOGRAPHY, ETC. NOTE
Bibliography, etc includes bibliographical references
700 ## - ADDED ENTRY--PERSONAL NAME
9 (RLIN) 3501
Personal name Nicdao, Dennilyn C.
Relator term Author
700 ## - ADDED ENTRY--PERSONAL NAME
9 (RLIN) 3502
Personal name Zapanta Alliah May S.
Relator term Author
700 ## - ADDED ENTRY--PERSONAL NAME
9 (RLIN) 1594
Personal name Abelardo B. Ceñidoza, MAT
Relator term adviser
942 ## - ADDED ENTRY ELEMENTS (KOHA)
Source of classification or shelving scheme Library of Congress Classification
Koha item type Theses and dissertations
Holdings
Withdrawn status Source of classification or shelving scheme Damaged status Not for loan Home library Current library Shelving location Date acquired Total Checkouts Barcode Date last seen Price effective from Koha item type
  Library of Congress Classification     Binangonan College Library Binangonan College Library Undergraduate Theses 01/25/2023   URSBIN-UGT2629 01/25/2023 01/25/2023 Theses and dissertations

University of Rizal System
Email us at univlibservices@urs.edu.ph

Visit our Website www.urs.edu.ph/library